[Event "ROM-ch Rapid"]
[Site "Bucharest"]
[Date "2022.03.12"]
[Round "7"]
[White "Craciun, Sasha Matei"]
[Black "Nastore, Pavel Alexandru"]
[Result "0-1"]
[WhiteElo "1871"]
[BlackElo "2306"]
[PlyCount "52"]
[EventDate "2022.03.11"]
[EventType "swiss (rapid)"]
[EventRounds "9"]
[EventCountry "ROU"]
[SourceTitle "CBM 207 Extra"]
[Source "ChessBase"]
[SourceDate "2022.05.31"]
[SourceVersion "1"]
[SourceVersionDate "2022.05.31"]
[SourceQuality "1"]

1. e4 c5 2. Nf3 d6 3. d4 cxd4 4. Nxd4 Nf6 5. Nc3 a6 6. Bg5 Nbd7 7. f4 Qc7 8. Qf3 h6 9. Bxf6 Nxf6 10. f5 Qc5 11. 0-0-0 g5 12. Nb3 Qc7 13. h4 g4 14. Qd3 h5 15. Kb1 b5 16. a3 Bg7 17. g3 Bd7 18. Bg2 Rb8 19. Rhe1 a5 20. Qe3 b4 21. axb4 axb4 22. Na2 0-0 23. e5 Bxf5 24. exf6 Qxc2+ 25. Ka1 Bxf6 26. Rb1 Qxg2 0-1

[Event "ROM-ch Rapid"]
[Site "Bucharest"]
[Date "2022.03.11"]
[Round "2"]
[White "Dumitrache, Dragos Nicolae"]
[Black "Craciun, Sasha Matei"]
[Result "0-1"]
[WhiteElo "2284"]
[BlackElo "1871"]
[PlyCount "96"]
[EventDate "2022.03.11"]
[EventType "swiss (rapid)"]
[EventRounds "9"]
[EventCountry "ROU"]
[SourceTitle "CBM 207 Extra"]
[Source "ChessBase"]
[SourceDate "2022.05.31"]
[SourceVersion "1"]
[SourceVersionDate "2022.05.31"]
[SourceQuality "1"]

1. d4 d5 2. c4 e6 3. Nc3 Nf6 4. Bg5 Bb4 5. Nf3 h6 6. Bxf6 Qxf6 7. Qb3 Nc6 8. e3 0-0 9. cxd5 exd5 10. Qxd5 Qg6 11. Qb3 Bd6 12. 0-0-0 a5 13. Rg1 Bd7 14. Bd3 Qh5 15. Qd5 Qxd5 16. Nxd5 a4 17. a3 Rfb8 18. Nc3 Na5 19. Nb5 Be7 20. Ne5 Be8 21. Kb1 Rc8 22. Bf5 Bxb5 23. Bxc8 Rxc8 24. g4 Bd6 25. f4 Re8 26. g5 hxg5 27. fxg5 Bxe5 28. dxe5 g6 29. Rd5 c6 30. Rd7 Rxe5 31. Rd8+ Kg7 32. Rg3 Bc4 33. Kc2 Be6 34. Kc3 Nc4 35. Re8 Nxe3 36. Kd4 Ng4 37. Rxe6 Rxe6 38. Rxg4 Re2 39. Kc3 Rxh2 40. Rxa4 Rh3+ 41. Kc2 Rg3 42. Ra7 b5 43. Rc7 Rxg5 44. Rxc6 Rd5 45. b3 g5 46. a4 bxa4 47. bxa4 g4 48. Rc4 f5 0-1

[Event "ROM-ch"]
[Site "Eforie Nord"]
[Date "2022.02.22"]
[Round "4"]
[White "Ignat, Matei Marius"]
[Black "Craciun, Sasha Matei"]
[Result "1/2-1/2"]
[WhiteElo "2053"]
[BlackElo "1871"]
[PlyCount "113"]
[EventDate "2022.02.20"]
[EventType "swiss"]
[EventRounds "9"]
[EventCountry "ROU"]
[SourceTitle "CBM 207 Extra"]
[Source "ChessBase"]
[SourceDate "2022.05.31"]
[SourceVersion "1"]
[SourceVersionDate "2022.05.31"]
[SourceQuality "1"]

1. e4 e5 2. Nf3 Nc6 3. Bb5 a6 4. Ba4 Nf6 5. 0-0 Be7 6. Re1 b5 7. Bb3 d6 8. c3 0-0 9. h3 Na5 10. Bc2 c5 11. d4 Qc7 12. d5 Nd7 13. b3 Nb6 14. Nbd2 c4 15. Nf1 cxb3 16. axb3 Nb7 17. Be3 Bd7 18. Qe2 f5 19. Bxb6 Qxb6 20. exf5 Bxf5 21. Bxf5 Rxf5 22. b4 Qc7 23. Ra3 Bd8 24. Rea1 Qb6 25. N3d2 Rf7 26. Nb3 Bg5 27. R1a2 Nd8 28. g3 Rc7 29. h4 Bf6 30. Nbd2 Qb7 31. Ne3 Nf7 32. Ne4 Be7 33. Qd1 Qb6 34. Qa1 Rca7 35. Kg2 Bd8 36. Qb2 Qb7 37. Qa1 Bb6 38. Qd1 Qc7 39. Qd3 Bxe3 40. fxe3 Qb6 41. Rf2 Qd8 42. Rf3 h6 43. Ra2 Nh8 44. Raf2 Qd7 45. Qf1 Qe7 46. h5 Rc7 47. Qd3 Rc4 48. Kh3 Rcc8 49. Qf1 Rc4 50. Qb1 Re8 51. Qc2 Rcc8 52. Qa2 Ra8 53. Qa1 Qd7+ 54. g4 Re7 55. Qa5 Nf7 56. Qb6 Qc7 57. Qxc7 1/2-1/2

[Event "ROM-ch"]
[Site "Eforie Nord"]
[Date "2022.02.21"]
[Round "2"]
[White "Szabo, Gergely Andras"]
[Black "Craciun, Sasha Matei"]
[Result "1-0"]
[WhiteElo "2524"]
[BlackElo "1871"]
[PlyCount "73"]
[EventDate "2022.02.20"]
[EventType "swiss"]
[EventRounds "9"]
[EventCountry "ROU"]
[SourceTitle "CBM 207 Extra"]
[Source "ChessBase"]
[SourceDate "2022.05.31"]
[SourceVersion "1"]
[SourceVersionDate "2022.05.31"]
[SourceQuality "1"]

1. d4 d5 2. c4 e6 3. Nc3 Nf6 4. cxd5 exd5 5. Bg5 Bb4 6. e3 0-0 7. Bd3 c5 8. Nge2 cxd4 9. Nxd4 Nc6 10. 0-0 Bxc3 11. bxc3 Ne5 12. a4 Bg4 13. f3 Bh5 14. Be2 h6 15. Bh4 Rc8 16. Qb3 Qb6 17. Qxb6 axb6 18. Bxf6 gxf6 19. Ra3 Nc4 20. Bxc4 Rxc4 21. Rb1 Ra8 22. Rxb6 Raxa4 23. Rxa4 Rxa4 24. Rxb7 Rc4 25. Rb3 Bg6 26. g4 Ra4 27. Kf2 Ra2+ 28. Kg3 Ra1 29. h4 Rc1 30. Ne2 Re1 31. Nf4 Rxe3 32. Nxd5 Re6 33. c4 Kg7 34. Rc3 Kf8 35. c5 Rc6 36. h5 Bh7 37. Nxf6 1-0